00643 a2200229 4500260001400000630003800014650002600052100003400078260003900112300001100151245007400162650001500236650002400251650002100275650002400296260000900320300001000329100000700339037001100346440003800357020001800395 aBruxelles a32 - Politique. Science politique a3 - SCIENCES SOCIALES aMarquesPereira, Bérengère bEd. de l'Université de Bruxelles a166 p. aL'Avortement en Belgique : de la clandestinité au débat politique aAvortement aPsychologie sociale aSanté publique aPolitique sanitaire c1989 b24 cm lFr aL 8259 aHistoire, économie, société a2-8004-0968-1